000
00197 a2200097 4500
001
10133
100
_a
Hoffmann, S
245
_a
State of war, The
260
_a
_b
Pallmall
_c
090
_c
7878
_d
7878
942
_a
NUST-CAE
_c
M
_c
34575
999
_c
245206
_d
245206